[Event "WYCC 2004 - B10"]
[Site "Creta Maris Conference Hotel"]
[Date "2004.11.08"]
[Round "6.2"]
[White "Zhao, Parker"]
[Black "Hou, Yifan"]
[Result "1/2-1/2"]
[WhiteElo "1975"]
[BlackElo "2153"]
[PlyCount "128"]
[EventDate "2004.11.04"]

1. d4 Nf6 2. Nf3 c5 3. c3 e6 4. Bg5 Be7 5. e3 h6 6. Bh4 b6 7. Nbd2 Bb7 8. Bd3
d6 9. O-O Nbd7 10. e4 cxd4 11. cxd4 O-O 12. Re1 e5 13. dxe5 dxe5 14. Nb3 Nh5
15. Bb5 Bxh4 16. Qxd7 Qxd7 17. Bxd7 Bf6 18. g3 g6 19. Rac1 Ng7 20. Rc7 Rab8 21.
Nbd2 Bd8 22. Rcc1 f6 23. Bc6 Be7 24. Nb1 Rfd8 25. Bxb7 Rxb7 26. Nc3 Rd3 27. Kg2
Bb4 28. Red1 Rxd1 29. Nxd1 Kf7 30. Ne3 Bc5 31. Nd5 a5 32. a3 Ke6 33. b4 axb4
34. axb4 Bd6 35. Nd2 b5 36. Nb3 Ne8 37. Nc5+ Bxc5 38. Rxc5 Nd6 39. f3 f5 40.
Nc3 Ra7 41. Rc6 Rb7 42. Rc5 Ra7 43. Rc6 Rb7 44. Rc5 Ra7 45. Nxb5 Ra2+ 46. Kg1
Nf7 47. Rc6+ Ke7 48. Rc7+ Kf6 49. Rc6+ Ke7 50. Rc7+ Kf6 51. Nc3 Rb2 52. Nd5+
Kg7 53. Rb7 Rb1+ 54. Kf2 Rb2+ 55. Ke3 Rb3+ 56. Kd2 Rxf3 57. exf5 gxf5 58. b5 e4
59. Ke2 Rb3 60. b6 Kg6 61. Nf4+ Kf6 62. Nh5+ Ke6 63. Nf4+ Kf6 64. Nh5+ Ke6
1/2-1/2

[Event "WYCC 2004 - B12"]
[Site "Creta Maris Conference Hotel"]
[Date "2004.11.08"]
[Round "6.3"]
[White "Sjugirov, Sanan"]
[Black "Galburd, Yan"]
[Result "1-0"]
[WhiteElo "2279"]
[BlackElo "2051"]
[PlyCount "143"]
[EventDate "2004.11.04"]

1. e4 e6 2. d4 d5 3. Nd2 Nf6 4. e5 Nfd7 5. Bd3 c5 6. c3 Nc6 7. Ne2 Qb6 8. Nf3
cxd4 9. cxd4 f6 10. exf6 Nxf6 11. O-O Bd6 12. Bf4 Bxf4 13. Nxf4 O-O 14. Qa4 Qb4
15. Bb5 Qxa4 16. Bxa4 Ne4 17. Nd3 Bd7 18. Bxc6 Bxc6 19. a4 Rac8 20. b3 b6 21.
Nde5 Be8 22. Rac1 Nc3 23. Rc2 a5 24. Kh1 Bxa4 25. bxa4 Nxa4 26. Rfc1 Rxc2 27.
Rxc2 b5 28. Nc6 Ra8 29. Nd2 Nb6 30. Rc5 a4 31. Rxb5 a3 32. Nb3 a2 33. Na1 Nc4
34. Rb8+ Rxb8 35. Nxb8 e5 36. Kg1 exd4 37. Kf1 Kf7 38. Nc6 h5 39. Ke2 g5 40.
Nb4 Ke6 41. Nxa2 h4 42. Nb3 d3+ 43. Kxd3 Ne5+ 44. Ke2 Ng4 45. h3 Nh6 46. Nd4+
Kf6 47. Nf3 Nf5 48. Nc3 Ne7 49. Kd3 Kf5 50. Ne2 g4 51. Ned4+ Kf4 52. Ne6+ Kf5
53. Nfd4+ Kg6 54. hxg4 Nc8 55. f3 Nd6 56. Nf4+ Kf6 57. Nxd5+ Kg5 58. Ne6+ Kg6
59. f4 Kh6 60. Nd4 Kg6 61. Nf5 Nf7 62. Nxh4+ Kh6 63. Nf5+ Kg6 64. Ke4 Nd8 65.
g5 Ne6 66. Nfe7+ Kf7 67. g6+ Kg7 68. f5 Ng5+ 69. Kf4 Kh6 70. Ng8+ Kh5 71. Ndf6+
Kh4 72. g3+ 1-0

[Event "WYCC 2004 - B12"]
[Site "Creta Maris Conference Hotel"]
[Date "2004.11.08"]
[Round "6.4"]
[White "Grizenko, Andrey"]
[Black "Shimanov, Aleksandr"]
[Result "1/2-1/2"]
[WhiteElo "2168"]
[BlackElo "2234"]
[PlyCount "98"]
[EventDate "2004.11.04"]

1. e4 c5 2. Nf3 e6 3. c3 Nf6 4. e5 Nd5 5. Bc4 Nb6 6. Bb3 c4 7. Bc2 Nc6 8. O-O
Qc7 9. Re1 d6 10. exd6 Bxd6 11. d4 cxd3 12. Qxd3 Bd7 13. Nbd2 O-O-O 14. Nc4
Nxc4 15. Qxc4 f6 16. Be3 g5 17. h3 Ne5 18. Nxe5 Bxe5 19. Qxc7+ Bxc7 20. Bb3
Rde8 21. Rad1 a6 22. Bc5 h5 23. Bc2 Rhg8 24. Rd2 e5 25. Bb3 Rg7 26. Bd5 f5 27.
Red1 Be6 28. c4 Rf7 29. f3 Bxd5 30. cxd5 Kd7 31. d6 Bd8 32. Rd5 e4 33. Kf2 Re6
34. Bd4 Rf8 35. a4 Rf7 36. b4 Bf6 37. Bc5 Re5 38. Rxe5 Bxe5 39. fxe4 fxe4+ 40.
Ke3 Rf4 41. Rd5 Bf6 42. Bd4 Bxd4+ 43. Rxd4 Rf6 44. Kxe4 Rf4+ 45. Ke5 Rxd4 46.
Kxd4 Kxd6 47. Ke4 Ke6 48. g3 b6 49. h4 g4 1/2-1/2

[Event "WYCC 2004 - B12"]
[Site "Creta Maris Conference Hotel"]
[Date "2004.11.08"]
[Round "6.6"]
[White "Sandeep, Y."]
[Black "Kachko, Alexander"]
[Result "1/2-1/2"]
[WhiteElo "2138"]
[BlackElo "2223"]
[PlyCount "82"]
[EventDate "2004.11.04"]

1. d4 c5 2. Nf3 cxd4 3. Nxd4 g6 4. g3 Bg7 5. Bg2 Nc6 6. Nxc6 dxc6 7. Qxd8+ Kxd8
8. O-O e5 9. Nc3 Ne7 10. e4 Be6 11. Be3 b6 12. Rfd1+ Kc7 13. Kf1 h5 14. h4 Bh6
15. Bxh6 Rxh6 16. Ke2 Rhh8 17. Ke3 Rad8 18. a3 Nc8 19. Rxd8 Rxd8 20. Rd1 Rxd1
21. Nxd1 Nd6 22. Bf1 c5 23. f4 f6 24. Nc3 Kc6 25. fxe5 fxe5 26. Nb1 a5 27. Nd2
c4 28. Nf3 Nf7 29. Ng5 Nxg5 30. hxg5 Kc5 31. c3 Bg4 32. Be2 Bxe2 33. Kxe2 Kb5
34. Kd2 Ka4 35. Kc2 b5 36. Kb1 Kb3 37. Kc1 b4 38. axb4 axb4 39. cxb4 Kxb4 40.
Kc2 Kb5 41. Kd2 Kc6 1/2-1/2

[Event "WYCC 2004 - B12"]
[Site "Creta Maris Conference Hotel"]
[Date "2004.11.08"]
[Round "6.7"]
[White "Alonso Rosell, Alvar"]
[Black "Pak, Evgeniy"]
[Result "0-1"]
[WhiteElo "2112"]
[BlackElo "2235"]
[PlyCount "110"]
[EventDate "2004.11.04"]

1. d4 d5 2. Bg5 c6 3. e3 Nf6 4. Bxf6 exf6 5. Bd3 Bd6 6. c3 f5 7. Nf3 O-O 8. Qc2
g6 9. O-O Nd7 10. c4 Nf6 11. Nc3 Be6 12. cxd5 Nxd5 13. Nxd5 Bxd5 14. e4 fxe4
15. Bxe4 Be7 16. Rfe1 Bf6 17. Rad1 Re8 18. a3 Bg7 19. Bxd5 Qxd5 20. Qa4 a6 21.
Qb4 Qb5 22. Qxb5 axb5 23. Re3 Rad8 24. Kf1 Bf6 25. Rd2 Kf8 26. Ke2 h5 27. h4
Bg7 28. Rxe8+ Kxe8 29. Rd3 Bf6 30. Re3+ Kf8 31. Re4 b6 32. Ke3 c5 33. dxc5 bxc5
34. Ne5 Rd5 35. Nd3 Bd4+ 36. Kf3 Bf6 37. Ke2 c4 38. Nb4 Rd6 39. a4 bxa4 40.
Rxc4 Rd4 41. Rxd4 Bxd4 42. Nd3 Bxb2 43. Kd2 a3 44. Kc2 Ke7 45. Kb3 Kf6 46. f3
Kf5 47. Ka2 f6 48. Kb3 g5 49. hxg5 fxg5 50. g3 h4 51. g4+ Kf6 52. Nf2 Ke5 53.
Nh3 Bc1 54. Ka2 Kd4 55. Kb1 Bf4 0-1

[Event "WYCC 2004 - G12"]
[Site "Creta Maris Conference Hotel"]
[Date "2004.11.08"]
[Round "6.1"]
[White "Iordanidou, Zoi"]
[Black "Kulon, Klaudia"]
[Result "0-1"]
[WhiteElo "2021"]
[BlackElo "1918"]
[PlyCount "88"]
[EventDate "2004.11.04"]

1. e4 c5 2. Nf3 Nc6 3. d4 cxd4 4. Nxd4 Nf6 5. Nc3 g6 6. Be3 Bg7 7. f4 d6 8. h3
O-O 9. Be2 Bd7 10. O-O Qb6 11. Qd3 Qc7 12. a3 a6 13. Nb3 b5 14. Nd2 Rac8 15.
Bf2 Rfd8 16. Qe3 Rb8 17. b4 e6 18. Rad1 Ne8 19. Ndb1 Rdc8 20. Rd3 a5 21. Na2
Ra8 22. Qb6 Qxb6 23. Bxb6 axb4 24. Nxb4 Nxb4 25. axb4 Rxc2 26. Bd1 Rb2 27. Bb3
Bc6 28. Nd2 Ra3 29. Rff3 h5 30. Kh2 Kh7 31. Rfe3 h4 32. Nf3 Rb1 33. Bc2 Rxd3
34. Bxb1 Rxe3 35. Bxe3 Kg8 36. Bd4 Bh6 37. Be3 e5 38. g3 hxg3+ 39. Kxg3 Nf6 40.
fxe5 Bxe3 41. exf6 Bd7 42. Bd3 Kh7 43. Kh4 Kh6 44. Bc2 Bf2# 0-1

[Event "WYCC 2004 - G12"]
[Site "Creta Maris Conference Hotel"]
[Date "2004.11.08"]
[Round "6.2"]
[White "Repina, Varvara"]
[Black "Bulmaga, Irina"]
[Result "0-1"]
[WhiteElo "2064"]
[BlackElo "2028"]
[PlyCount "66"]
[EventDate "2004.11.04"]

1. e4 c5 2. Nf3 e6 3. d4 cxd4 4. Nxd4 Nf6 5. Nc3 d6 6. f3 a6 7. Be3 Qc7 8. Qd2
Be7 9. O-O-O b5 10. Kb1 Bb7 11. g4 Nc6 12. g5 Nd7 13. Nxc6 Bxc6 14. Ne2 Ne5 15.
Nd4 Rc8 16. b3 Nxf3 17. Nxf3 Bxe4 18. Bg2 Bxc2+ 19. Kb2 Bxd1 20. Rxd1 O-O 21.
Nd4 d5 22. Bh3 Qd6 23. Bf4 Qa3+ 24. Kb1 Bb4 25. Qe2 Kh8 26. Bc1 Qa5 27. Qh5 Ba3
28. Bxa3 Qxa3 29. g6 fxg6 30. Qh4 Qb4 31. Bxe6 Rce8 32. Qh3 Rf2 33. Bxd5 Qxd4
0-1

[Event "WYCC 2004 - G12"]
[Site "Creta Maris Conference Hotel"]
[Date "2004.11.08"]
[Round "6.5"]
[White "Madanasri, Gundala"]
[Black "Kashlinskaya, Alina"]
[Result "1/2-1/2"]
[WhiteElo "1960"]
[BlackElo "2009"]
[PlyCount "83"]
[EventDate "2004.11.04"]

1. e4 c5 2. Nf3 Nc6 3. d3 g6 4. g3 Bg7 5. Bg2 e6 6. O-O d5 7. Nbd2 Nge7 8. Re1
O-O 9. e5 Qc7 10. Qe2 g5 11. Nxg5 Qxe5 12. Qxe5 Nxe5 13. f4 N5c6 14. Ndf3 b6
15. c3 Bb7 16. Bd2 Rfd8 17. Nh3 Rac8 18. Nf2 b5 19. Rab1 b4 20. Rec1 a5 21. a4
Nb8 22. Ne5 Nd7 23. Nxd7 Rxd7 24. Ng4 Bc6 25. cxb4 cxb4 26. b3 Rdc7 27. Ne5 Bb7
28. Kf2 Nc6 29. Nxc6 Bxc6 30. Be3 d4 31. Bd2 Bxg2 32. Kxg2 Rc2 33. Kf3 Kf8 34.
Ke2 Ke7 35. Kd1 R2c5 36. Rxc5 Rxc5 37. Rc1 Rxc1+ 38. Bxc1 Kd6 39. Ke2 h5 40.
Kf3 f5 41. h4 Kd5 42. Bd2 1/2-1/2

[Event "WYCC 2004 - G12"]
[Site "Creta Maris Conference Hotel"]
[Date "2004.11.08"]
[Round "6.6"]
[White "Paikidze, Nazi"]
[Black "Tsatsalashvili, Keti"]
[Result "1-0"]
[WhiteElo "2028"]
[BlackElo "1936"]
[PlyCount "117"]
[EventDate "2004.11.04"]

1. Nf3 c5 2. g3 Nc6 3. Bg2 e5 4. e4 d6 5. d3 Be7 6. O-O Nf6 7. Nc3 h6 8. Nd2 g5
9. Nc4 Nd4 10. Ne3 Be6 11. g4 Qd7 12. h3 h5 13. Nf5 Bxf5 14. exf5 hxg4 15. hxg4
Rg8 16. Nd5 Nxd5 17. Bxd5 Rh8 18. c3 Nc6 19. Be3 Bf6 20. Kg2 O-O-O 21. Qd2 Rh4
22. f3 Ne7 23. Bb3 Qc6 24. Rh1 Rdh8 25. Rxh4 gxh4 26. Qe2 d5 27. Kh3 Rg8 28.
Rg1 d4 29. cxd4 exd4 30. Bf2 Nd5 31. Qe4 Ne7 32. Bxf7 Rg7 33. Be6+ Kb8 34. Qxc6
Nxc6 35. f4 Kc7 36. g5 Bd8 37. f6 Bxf6 38. gxf6 Rxg1 39. Bxg1 Kd8 40. Kxh4 b5
41. a3 c4 42. dxc4 d3 43. Be3 Nd4 44. Bxd4 d2 45. Bg4 bxc4 46. Bc3 a5 47. Bxd2
a4 48. Bh5 c3 49. Bxc3 Kd7 50. f7 Ke7 51. Bb4+ Ke6 52. f8=Q Kd5 53. Qf5+ Kc4
54. Be2+ Kb3 55. Qd3+ Ka2 56. Qc4+ Kb1 57. Bd3+ Ka1 58. Qc1+ Ka2 59. Bc4# 1-0

[Event "WYCC 2004 - G12"]
[Site "Creta Maris Conference Hotel"]
[Date "2004.11.08"]
[Round "6.7"]
[White "Korchagina, Viktoria"]
[Black "Bodnaruk, Anastasia"]
[Result "0-1"]
[WhiteElo "1992"]
[BlackElo "2130"]
[PlyCount "66"]
[EventDate "2004.11.04"]

1. e4 c5 2. Nf3 d6 3. d4 cxd4 4. Nxd4 Nf6 5. Nc3 a6 6. Bg5 e6 7. f4 Nbd7 8. Qf3
Qc7 9. O-O-O b5 10. Bxb5 axb5 11. Ndxb5 Qb6 12. e5 Bb7 13. Qe2 dxe5 14. fxe5
Nd5 15. Nxd5 Bxd5 16. Rxd5 exd5 17. Nd6+ Bxd6 18. exd6+ Kf8 19. Qe7+ Kg8 20.
Qxd7 h6 21. Rf1 hxg5 22. Qxf7+ Kh7 23. Qf5+ g6 24. Qd7+ Kh6 25. h4 Qe3+ 26. Kb1
gxh4 27. Rh1 g5 28. Qf7 Qe5 29. a4 Rhf8 30. Qc7 Rab8 31. b3 Qe4 32. Qc3 d4 33.
Re1 Rf1 0-1

[Event "WYCC 2004 - B14"]
[Site "Creta Maris Conference Hotel"]
[Date "2004.11.08"]
[Round "6.1"]
[White "Khairullin, Ildar"]
[Black "Ludwig, Daniel"]
[Result "0-1"]
[WhiteElo "2514"]
[BlackElo "2308"]
[PlyCount "78"]
[EventDate "2004.11.04"]

1. e4 e5 2. Nf3 Nc6 3. Bb5 a6 4. Ba4 Nf6 5. d3 b5 6. Bb3 Bc5 7. Nc3 h6 8. Nd5
O-O 9. O-O d6 10. c3 Bb7 11. a4 Nb8 12. Ne3 Nbd7 13. h3 Bxe3 14. fxe3 Nc5 15.
Bc2 bxa4 16. Bxa4 Nxa4 17. Rxa4 c5 18. c4 Nh7 19. Nh2 g6 20. Qg4 Kh8 21. Bd2
Qe8 22. Qd1 f5 23. b4 fxe4 24. Rxf8+ Nxf8 25. bxc5 dxc5 26. Bc3 Rd8 27. Ng4 Nd7
28. dxe4 Nf6 29. Qa1 Nxg4 30. hxg4 Qe6 31. Bxe5+ Kh7 32. Bf4 Qxe4 33. Ra2 Rd7
34. g5 hxg5 35. Bxg5 Qg4 36. Qf6 Qg3 37. Rd2 Qe1+ 38. Kh2 Qxd2 39. e4 Qd6+ 0-1

[Event "WYCC 2004 - B14"]
[Site "Creta Maris Conference Hotel"]
[Date "2004.11.08"]
[Round "6.2"]
[White "Cordova, Emilio"]
[Black "Salgado Lopez, Ivan"]
[Result "1/2-1/2"]
[WhiteElo "2347"]
[BlackElo "2264"]
[PlyCount "97"]
[EventDate "2004.11.04"]

1. d4 g6 2. Nf3 Bg7 3. Bf4 Nf6 4. e3 O-O 5. c4 d6 6. Nc3 Nc6 7. h3 Nd7 8. Be2
e5 9. Bh2 f5 10. O-O g5 11. d5 Ncb8 12. Rc1 a5 13. a3 Na6 14. Nb5 h6 15. Ne1
Qe7 16. b4 axb4 17. axb4 Nf6 18. Nc2 f4 19. Re1 Bd7 20. Nc3 c5 21. dxc6 bxc6
22. exf4 gxf4 23. Bf3 Rab8 24. b5 cxb5 25. cxb5 Nc7 26. Bxf4 Nxb5 27. Nxb5 Rxb5
28. Qd2 Nh7 29. Nd4 Rbb8 30. Bd5+ Kh8 31. Bxh6 Bxh6 32. Qxh6 Rf6 33. Qh4 Qg7
34. Ne2 Rh6 35. Qg3 Rg6 36. Qd3 Nf6 37. Ng3 Rb4 38. Be4 Rg5 39. Ra1 Nxe4 40.
Ra8+ Kh7 41. Rxe4 Bf5 42. Rh4+ Rxh4 43. Nxf5 Rxg2+ 44. Kf1 Qg6 45. Ra7+ Kh8 46.
Ra8+ Kh7 47. Ra7+ Kh8 48. Ra8+ Kh7 49. Ra7+ 1/2-1/2

[Event "WYCC 2004 - B14"]
[Site "Creta Maris Conference Hotel"]
[Date "2004.11.08"]
[Round "6.4"]
[White "Hess, Robert L"]
[Black "Andreikin, Dmitry"]
[Result "0-1"]
[WhiteElo "2214"]
[BlackElo "2451"]
[PlyCount "120"]
[EventDate "2004.11.04"]

1. e4 d5 2. exd5 Qxd5 3. Nc3 Qa5 4. g3 Nf6 5. Bg2 c6 6. Nge2 Bf5 7. d3 e6 8.
O-O Be7 9. h3 Nbd7 10. Be3 Bg6 11. a4 O-O 12. Nd4 e5 13. Nb3 Qc7 14. a5 a6 15.
Nd2 Ne8 16. Nc4 Nd6 17. Nb6 Rae8 18. Qd2 Nf5 19. Nca4 Nxe3 20. Qxe3 Nf6 21. Nc4
Bd8 22. Qb6 Nd7 23. Qxc7 Bxc7 24. b4 e4 25. d4 f5 26. Nc5 Nxc5 27. bxc5 Bf7 28.
Ne3 Be6 29. Rfb1 Bc8 30. c4 g5 31. g4 f4 32. Nf5 Bxf5 33. gxf5 f3 34. Bf1 Re7
35. Ra3 g4 36. hxg4 h5 37. Re1 hxg4 38. Bd3 Rfe8 39. f6 Re6 40. d5 Re5 41. d6
Bd8 42. d7 R8e6 43. Bb1 Kf7 44. Rae3 Bxa5 45. Rxe4 Rxe4 46. Rxe4 Rxe4 47. Bxe4
Kxf6 48. Kf1 Ke5 49. Bc2 Kf4 50. Bb1 Bd8 51. Ke1 a5 52. Bc2 g3 53. fxg3+ Kxg3
54. Kf1 Kf4 55. Ke1 Ke3 56. Ba4 Bh4+ 57. Kf1 Kd2 58. d8=Q+ Bxd8 59. Kf2 Kc3 60.
Kxf3 Kxc4 0-1

[Event "WYCC 2004 - B14"]
[Site "Creta Maris Conference Hotel"]
[Date "2004.11.08"]
[Round "6.6"]
[White "Pena, Alfredo"]
[Black "Rothuis, Vincent"]
[Result "1/2-1/2"]
[WhiteElo "2242"]
[BlackElo "2217"]
[PlyCount "78"]
[EventDate "2004.11.04"]

1. e4 c5 2. Nf3 d6 3. d4 cxd4 4. Nxd4 Nf6 5. Bd3 Nc6 6. Nxc6 bxc6 7. c4 g6 8.
b3 Bg7 9. Bb2 O-O 10. O-O Nd7 11. Bxg7 Kxg7 12. Nc3 a5 13. f4 Nc5 14. Qc2 e5
15. Rad1 exf4 16. Rxf4 Qe7 17. Qd2 Ba6 18. Bb1 Rad8 19. Ne2 a4 20. Nd4 Bb7 21.
Rg4 Bc8 22. Rg3 Bd7 23. Re1 Kh8 24. Qh6 axb3 25. axb3 Qe5 26. Qd2 Ne6 27. Rd3
Nxd4 28. Rxd4 Be6 29. Rd1 Rd7 30. Rxd6 Rfd8 31. Rxd7 Rxd7 32. Qe2 Rxd1+ 33.
Qxd1 c5 34. Qd3 Kg7 35. h3 h5 36. Bc2 Kf8 37. Bd1 Ke7 38. Bf3 Qa1+ 39. Kh2 Qe5+
1/2-1/2

[Event "WYCC 2004 - B14"]
[Site "Creta Maris Conference Hotel"]
[Date "2004.11.08"]
[Round "6.7"]
[White "Leniart, Arkadiusz"]
[Black "Simonian, Hrair"]
[Result "1/2-1/2"]
[WhiteElo "2235"]
[BlackElo "2192"]
[PlyCount "89"]
[EventDate "2004.11.04"]

1. d4 Nf6 2. c4 b6 3. Nc3 Bb7 4. d5 e6 5. a3 exd5 6. cxd5 b5 7. Qb3 c6 8. Nf3
Bc5 9. Bg5 Qb6 10. e3 Nxd5 11. Nxd5 cxd5 12. Qxb5 Qxb5 13. Bxb5 f6 14. Rc1 Bb6
15. Bf4 Nc6 16. Bxc6 dxc6 17. Bd6 Kd7 18. Bc5 Bxc5 19. Rxc5 Kd6 20. Rc1 c5 21.
b4 cxb4 22. axb4 Ba6 23. Nd4 Bc4 24. Kd2 Rab8 25. Ra1 Rxb4 26. Rxa7 Rb2+ 27.
Kc3 Rhb8 28. Rxg7 Ra2 29. Rc1 Rxf2 30. Rxh7 Rxg2 31. Rh6 Rf2 32. Ra1 Re8 33.
Re1 Rc8 34. Kb4 Rb2+ 35. Kc3 Rf2 36. Kb4 Bd3 37. Rg1 Rb8+ 38. Kc3 Bf1 39. Rg7
Rc8+ 40. Kb4 Rb8+ 41. Kc3 Re8 42. Rg3 Rc8+ 43. Kb4 Rb8+ 44. Kc3 Rc8+ 45. Kb4
1/2-1/2

[Event "WYCC 2004 - B14"]
[Site "Creta Maris Conference Hotel"]
[Date "2004.11.08"]
[Round "6.8"]
[White "Hayrapetian, Ovik"]
[Black "Martinovic, Sasa"]
[Result "1-0"]
[WhiteElo "2329"]
[BlackElo "2138"]
[PlyCount "101"]
[EventDate "2004.11.04"]

1. e4 c5 2. Nf3 Nc6 3. Bb5 g6 4. O-O Bg7 5. Bxc6 dxc6 6. d3 Bg4 7. h3 Bxf3 8.
Qxf3 e5 9. Nc3 Nf6 10. Bg5 Qd6 11. Qe2 h6 12. Be3 Nh5 13. Qd2 Nf4 14. Ne2 Ne6
15. Kh1 O-O-O 16. Qa5 Kb8 17. b4 b6 18. bxc5 bxa5 19. cxd6 Rxd6 20. Rab1+ Ka8
21. Rb3 c5 22. Nc3 Rb8 23. Nd5 Rxb3 24. axb3 Nd4 25. Nc7+ Kb7 26. Ne8 Bf8 27.
Nxd6+ Bxd6 28. Bxd4 cxd4 29. g3 g5 30. h4 Kc6 31. Kg2 Kb5 32. hxg5 hxg5 33. Ra1
Bb4 34. Kf3 Bd2 35. Ra4 Be1 36. Ke2 Bb4 37. f3 f6 38. Kf2 Bd2 39. Kg2 g4 40.
Kf2 Be3+ 41. Ke2 Bc1 42. Rc4 Bg5 43. f4 Bh6 44. fxe5 fxe5 45. Rc7 a6 46. Re7
Bf8 47. Rxe5+ Kb4 48. Rf5 Be7 49. Rf4 a4 50. bxa4 Kxa4 51. e5 1-0

[Event "WYCC 2004 - B14"]
[Site "Creta Maris Conference Hotel"]
[Date "2004.11.08"]
[Round "6.9"]
[White "Matlakov, Maxim"]
[Black "Qiu, Tong"]
[Result "1/2-1/2"]
[WhiteElo "2362"]
[BlackElo "2194"]
[PlyCount "72"]
[EventDate "2004.11.04"]

1. e4 c5 2. Nf3 Nc6 3. Bb5 g6 4. O-O Bg7 5. Re1 Nf6 6. c3 O-O 7. d4 cxd4 8.
cxd4 d5 9. e5 Ne4 10. Nc3 Bf5 11. Bxc6 bxc6 12. Nh4 Nxc3 13. bxc3 Be6 14. Ba3
Bh6 15. h3 Re8 16. Nf3 Qa5 17. Bb4 Qa6 18. Nd2 Bf5 19. Nb3 Qd3 20. Qxd3 Bxd3
21. Na5 Rac8 22. a4 Rc7 23. Ra2 Rb8 24. Rd1 Ba6 25. g3 Bf8 26. Raa1 e6 27. Bxf8
Kxf8 28. Rab1 Rxb1 29. Rxb1 c5 30. Rb8+ Kg7 31. Nb3 cxd4 32. cxd4 Rc3 33. Nc5
Be2 34. Kh2 h5 35. Rb7 Kg8 36. Rb8+ Kg7 1/2-1/2

[Event "WYCC 2004 - B14"]
[Site "Creta Maris Conference Hotel"]
[Date "2004.11.08"]
[Round "6.10"]
[White "Hamitevici, Vladimir"]
[Black "Spoelman, Wouter"]
[Result "0-1"]
[WhiteElo "2200"]
[BlackElo "2357"]
[PlyCount "78"]
[EventDate "2004.11.04"]

1. e4 c5 2. d4 cxd4 3. c3 dxc3 4. Nxc3 e6 5. Bc4 a6 6. Nf3 b5 7. Bb3 Bb7 8. Qe2
d6 9. O-O Nd7 10. Rd1 Ngf6 11. Bf4 b4 12. Nd5 exd5 13. exd5+ Be7 14. Bxd6 Kf8
15. Bg3 Bc5 16. Qc4 Rc8 17. Kh1 Nb6 18. Qh4 Bd6 19. Ne5 Qc7 20. Qd4 Bxd5 21.
Bf4 Bc5 22. Qd3 Qb7 23. f3 h6 24. Rac1 Bxb3 25. axb3 g5 26. Qf5 Qe7 27. Bg3 Kg7
28. f4 Qe6 29. Qb1 Be3 30. fxg5 hxg5 31. Rxc8 Rxc8 32. Rf1 Nbd5 33. Nc4 Bf4 34.
Bf2 Qe4 35. Qxe4 Nxe4 36. Bd4+ Kg6 37. Ra1 Rc6 38. Ra5 Nef6 39. Be5 Re6 0-1

[Event "WYCC 2004 - B14"]
[Site "Creta Maris Conference Hotel"]
[Date "2004.11.08"]
[Round "6.11"]
[White "Klimov, Anton"]
[Black "Toth, Ervin"]
[Result "1-0"]
[WhiteElo "2273"]
[BlackElo "2203"]
[PlyCount "46"]
[EventDate "2004.11.04"]

1. e4 e6 2. Nc3 d5 3. Nf3 Nf6 4. e5 Nfd7 5. d4 c5 6. dxc5 Nc6 7. Bf4 Bxc5 8.
Bd3 f6 9. exf6 Nxf6 10. Qe2 O-O 11. O-O-O a6 12. h4 b5 13. Ne5 Nd4 14. Qd2 Kh8
15. h5 Qe8 16. Be3 b4 17. Nb1 b3 18. axb3 Nxb3+ 19. cxb3 d4 20. Bg5 Bb7 21.
Ng6+ hxg6 22. hxg6+ Kg8 23. Qf4 Ne4 1-0

[Event "WYCC 2004 - G14"]
[Site "Creta Maris Conference Hotel"]
[Date "2004.11.08"]
[Round "6.1"]
[White "Harika, Dronavalli"]
[Black "Girya, Olga"]
[Result "1-0"]
[WhiteElo "2391"]
[BlackElo "2024"]
[PlyCount "111"]
[EventDate "2004.11.04"]

1. Nf3 d5 2. d4 e6 3. c4 c6 4. Qc2 f5 5. Bf4 Nf6 6. e3 Be7 7. Bd3 O-O 8. Nc3
Ne4 9. g4 Qa5 10. gxf5 exf5 11. cxd5 cxd5 12. Ke2 Be6 13. Qb3 Nxc3+ 14. bxc3
Nd7 15. Qxb7 Rac8 16. Qa6 Qxa6 17. Bxa6 Rxc3 18. Rhc1 Ra3 19. Rc6 Bf7 20. Bc8
Nb6 21. Be6 Bxe6 22. Rxe6 Bb4 23. Ne5 Rc8 24. Rg1 Rxa2+ 25. Kf3 Nc4 26. Nxc4
dxc4 27. d5 Rd8 28. Be5 g6 29. Rc1 Rxd5 30. Rxc4 Bc5 31. Bf4 Kf7 32. Rc6 Bb6
33. Rc8 Rd7 34. Rh8 Ke6 35. Rc6+ Kd5 36. Rc1 Ke6 37. Re8+ Re7 38. Rec8 Rd2 39.
R1c6+ Kf7 40. Bg5 Re6 41. Rc4 Rd7 42. Rh8 Re8 43. Rxh7+ Ke6 44. Rh6 Rg8 45.
Rc6+ Rd6 46. Rc2 Rd7 47. Bf4 Bd8 48. Rc6+ Kf7 49. Be5 Re7 50. Bd4 a5 51. Rf6+
Ke8 52. Rfxg6 Rxg6 53. Rxg6 Re4 54. Rg8+ Kd7 55. Rf8 Rh4 56. Rxd8+ 1-0

[Event "WYCC 2004 - G14"]
[Site "Creta Maris Conference Hotel"]
[Date "2004.11.08"]
[Round "6.2"]
[White "Tairova, Elena"]
[Black "Vazirova, Karina"]
[Result "1-0"]
[WhiteElo "2271"]
[BlackElo "2112"]
[PlyCount "103"]
[EventDate "2004.11.04"]

1. e4 e6 2. d4 d5 3. Nc3 Bb4 4. exd5 exd5 5. Bd3 Nc6 6. a3 Bxc3+ 7. bxc3 Nge7
8. Qh5 g6 9. Qf3 Bf5 10. Rb1 Bxd3 11. cxd3 Qc8 12. Qf6 Rg8 13. Nf3 Qg4 14. h3
Qd7 15. Rxb7 O-O-O 16. Rb2 Rde8 17. O-O g5 18. Ne5 Nxe5 19. Qa6+ Kd8 20. Rb8+
Nc8 21. Qf6+ Re7 22. dxe5 Rg6 23. Qh8+ Re8 24. Qxh7 Rxe5 25. Qh8+ Re8 26. Qd4
f5 27. h4 f4 28. hxg5 f3 29. gxf3 Qf7 30. Qg4 Ree6 31. Kg2 Rg8 32. Re1 Rgg6 33.
Rxe6 Rxe6 34. Be3 Kd7 35. Qa4+ Kd8 36. Qd4 Rg6 37. Qh8+ Rg8 38. Qd4 Rg6 39.
Qh8+ Rg8 40. Qh3 Qd7 41. Qxd7+ Kxd7 42. f4 Ke6 43. Bxa7 Kf5 44. Be3 c6 45. a4
Re8 46. a5 Nd6 47. Rxe8 Nxe8 48. a6 Nc7 49. a7 Na8 50. Kg3 Nc7 51. Kh4 Na8 52.
Kh5 1-0

[Event "WYCC 2004 - G14"]
[Site "Creta Maris Conference Hotel"]
[Date "2004.11.08"]
[Round "6.7"]
[White "Lakshmi, Praneetha K"]
[Black "Ignacz, Maria"]
[Result "1-0"]
[WhiteElo "2042"]
[BlackElo "2153"]
[PlyCount "65"]
[EventDate "2004.11.04"]

1. e4 c5 2. Nc3 Nc6 3. f4 g6 4. Nf3 Bg7 5. Bb5 Nd4 6. Nxd4 cxd4 7. Ne2 Qb6 8.
Bc4 Nf6 9. d3 d5 10. exd5 O-O 11. O-O Qc5 12. Kh1 Nxd5 13. Bxd5 Qxd5 14. c3
dxc3 15. Nxc3 Qc6 16. d4 Rd8 17. Be3 Bf5 18. Rc1 Qb6 19. Na4 Qb4 20. a3 Qd6 21.
Qf3 b6 22. Nc3 Qd7 23. h3 h5 24. Rfd1 Rac8 25. d5 Bxc3 26. bxc3 Qa4 27. Bd4 Bc2
28. Re1 Bb3 29. f5 Bxd5 30. Qf4 Qc6 31. Qh6 f6 32. Rxe7 Bxg2+ 33. Kg1 1-0

[Event "WYCC 2004 - G14"]
[Site "Creta Maris Conference Hotel"]
[Date "2004.11.08"]
[Round "6.8"]
[White "Nemcova, Katerina"]
[Black "Mader, Manuela"]
[Result "1/2-1/2"]
[WhiteElo "2117"]
[BlackElo "2042"]
[PlyCount "116"]
[EventDate "2004.11.04"]

1. d4 d5 2. Nf3 e6 3. e3 Nf6 4. Bd3 Be7 5. O-O O-O 6. Nbd2 c5 7. c3 b6 8. e4
dxe4 9. Nxe4 Nbd7 10. Qe2 Bb7 11. Ng3 cxd4 12. cxd4 Nd5 13. a3 N7f6 14. Bg5 h6
15. Bd2 Qd6 16. Ne5 Nc7 17. Rac1 Rac8 18. Rfd1 Qd5 19. Nf3 Qd7 20. Kh1 Rfd8 21.
Ne5 Qe8 22. Be3 Nfd5 23. Bd2 Nf6 24. Bc3 Qa4 25. Nh5 Ba6 26. Nxf6+ Bxf6 27. Qh5
Bxe5 28. Qxe5 Bxd3 29. Rxd3 Qb5 30. Qxb5 Nxb5 31. Rcd1 Rc4 32. Bb4 Rcxd4 33.
Rxd4 Rxd4 34. Rxd4 Nxd4 35. Kg1 f5 36. Kf1 Kf7 37. f4 g6 38. Kf2 Ke8 39. Bc3
Nb5 40. Bg7 h5 41. Be5 Kd7 42. Kg3 Nd6 43. Bxd6 Kxd6 44. Kh4 Ke7 45. Kg5 Kf7
46. h4 Kg7 47. a4 a6 48. b4 Kf7 49. Kh6 Kf6 50. Kh7 Kf7 51. b5 axb5 52. axb5
Kf6 53. Kh6 Kf7 54. Kh7 Kf6 55. Kh6 Kf7 56. Kh7 Kf6 57. Kh6 Kf7 58. Kh7 Kf6
1/2-1/2

[Event "WYCC 2004 - G14"]
[Site "Creta Maris Conference Hotel"]
[Date "2004.11.08"]
[Round "6.10"]
[White "Darbinian, Nune"]
[Black "Rakic, Marija"]
[Result "0-1"]
[WhiteElo "2015"]
[BlackElo "2050"]
[PlyCount "78"]
[EventDate "2004.11.04"]

1. Nf3 Nf6 2. c4 g6 3. Nc3 Bg7 4. e4 d6 5. d4 O-O 6. Be2 Nbd7 7. O-O c6 8. Qc2
e5 9. d5 Qc7 10. dxc6 bxc6 11. Rd1 Nc5 12. b3 Ne6 13. Ba3 Rd8 14. Na4 c5 15.
Ne1 Nd4 16. Qd3 Qc6 17. f3 Nh5 18. Bf1 f5 19. Nc3 Nf4 20. Qe3 Bh6 21. Qf2 fxe4
22. Nxe4 Bf5 23. Nc3 e4 24. Qh4 Kg7 25. Qe7+ Kg8 26. fxe4 Be6 27. Bc1 Bf8 28.
Qh4 Nh5 29. Nd3 Bg7 30. Nd5 Bxd5 31. exd5 Qe8 32. Bb2 Qe3+ 33. Qf2 Qg5 34. Kh1
Rf8 35. Qe1 Rae8 36. Qa5 Qh4 37. Qd2 Ng3+ 38. Kg1 Rxf1+ 39. Rxf1 Nde2+ 0-1